[Event "RUS-ch blitz"]
[Site "Sochi"]
[Date "2016.10.04"]
[Round "20.2"]
[White "Matlakov, Maxim"]
[Black "Dubov, Daniil"]
[Result "1-0"]
[WhiteElo "2691"]
[BlackElo "2648"]
[PlyCount "47"]
[EventDate "2016.10.04"]
[EventType "swiss (blitz)"]
[EventRounds "22"]
[EventCountry "RUS"]
[SourceTitle "EXT 2017"]
[Source "ChessBase"]
[SourceDate "2016.10.25"]
[SourceVersion "1"]
[SourceVersionDate "2016.10.25"]
[SourceQuality "1"]

1. Nf3 d5 2. g3 c6 3. Bg2 Bg4 4. O-O Nd7 5. h3 Bxf3 6. Bxf3 e6 ({RR} 6... Ngf6 7. d3 e5 8. Nd2 Be7 9. Bg2 O-O 10. a3 a5 11. b3 Re8 12. Bb2 Qc7 13. e3 Rad8 14. Qe2 Nc5 15. Nf3 Bd6 16. d4 exd4 17. Nxd4 Be5 18. Rfd1 Ne6 19. c4 Nxd4 20. Bxd4 Bxd4 21. Rxd4 {Maghsoodloo,P (2674)-Drozdowski,K (2450) chess.com INT 2025 0-1 (44)}) ({RR} 6... Ngf6 7. d4 e5 8. c4 dxc4 9. Nd2 exd4 10. Nxc4 Nc5 11. b4 Ne6 12. Qb3 Be7 13. b5 Nc5 14. Qb1 Rc8 15. bxc6 bxc6 16. Ne5 Nd5 17. Bb2 Ne6 18. Qf5 Bf6 19. Ng4 g6 20. Nxf6+ Qxf6 21. Qxf6 {Matlakov,M (2685)-Zierk,S (2499) Chess.com INT 2020 0-1 (62)}) 7. d3 Bd6 8. e4 h5 $146 ({RR} 8... Ne7 9. a4 O-O 10. Nd2 f5 11. Qe2 Qc7 12. Nb3 Rae8 13. Bd2 f4 14. Bg4 Ng6 15. Nd4 Rf6 16. exd5 cxd5 17. Rae1 e5 18. Nb5 Qc6 19. Nxa7 f3 20. Nxc6 fxe2 21. Rxe2 bxc6 22. Bxd7 {1-0 (22) Svane,R (2616)-Bruedigam,M (2379) chess.com INT 2023}) ({RR} 8... Ngf6 9. Qe2 Qc7 10. Nc3 O-O-O 11. a4 Rdg8 12. Rb1 g5 13. Bg2 a5 14. exd5 exd5 15. d4 Kb8 16. Qd3 h6 17. Re1 Nf8 18. Na2 Ne4 19. b4 f5 20. bxa5 Qxa5 21. Ba3 Bxa3 22. Qxa3 Nd7 23. Nb4 {Vachier Lagrave,M (2780)-Topalov,V (2740) Abidjan 2019 1-0 (37)}) 9. d4 dxe4 10. Bxe4 h4 11. g4 Qc7 12. c4 Ngf6 13. Bg2 Bf4 14. Nc3 O-O 15. Qf3 Bxc1 16. Raxc1 e5 17. d5 cxd5 18. cxd5 Qb6 19. g5 Ne8 20. Qg4 Rd8 21. Qxh4 Nd6 22. Ne4 Rc8 23. Qg4 Nc5 24. Nf6+ 1-0

[Event "RUS-chT rapid"]
[Site "Sochi"]
[Date "2016.10.05"]
[Round "3.2"]
[White "Ponkratov, Pavel"]
[Black "Romanov, Evgeny"]
[Result "1-0"]
[WhiteElo "2589"]
[BlackElo "2619"]
[PlyCount "91"]
[EventDate "2016.10.05"]
[EventType "team-swiss (rapid)"]
[EventRounds "9"]
[EventCountry "RUS"]
[SourceTitle "EXT 2017"]
[Source "ChessBase"]
[SourceDate "2016.10.25"]
[SourceVersion "1"]
[SourceVersionDate "2016.10.25"]
[SourceQuality "1"]
[WhiteTeam "Malachite Sverdlovsk Region"]
[BlackTeam "St Petersburg SDYUSSHOR"]
[WhiteTeamCountry "RUS"]
[BlackTeamCountry "RUS"]

1. g3 Nf6 2. Bg2 d5 3. Nf3 c6 4. O-O Bg4 5. h3 Bxf3 6. Bxf3 e5 7. Bg2 Nbd7 8. d3 Bc5 9. c4 dxc4 10. dxc4 O-O 11. Nc3 ({RR} 11. Qb3 Qc7 12. Nc3 a5 13. Na4 Ba7 14. Be3 Bxe3 15. Qxe3 Rfe8 16. Rfd1 e4 17. Rd4 Qe5 18. Rad1 Nc5 19. Nc3 h5 20. Rd6 Rac8 21. h4 Ng4 22. Qd4 Qxd4 23. R1xd4 Nf6 24. Bh3 Rc7 25. Nd1 b6 {Domingo Nunez,R (2390)-Webb,L (2195) Vrnjacka Banja SRB 2024 ½-½ (66)}) 11... a5 12. Qc2 Qe7 13. Rd1 $146 ({RR} 13. b3 Rfd8 14. Bb2 Nf8 15. Na4 Bd4 16. Bxd4 exd4 17. Nb2 c5 18. Nd3 Rac8 19. a3 b6 20. Rab1 Ne4 21. Nf4 Nc3 22. Rbe1 Ne6 23. Nd5 Nxd5 24. Bxd5 Qf6 25. Qd3 h5 26. h4 Re8 27. b4 axb4 {Borisova,E (2283)-Gusarov,G (2354) Chess.com INT 2020 0-1 (44)}) ({RR} 13. b3 Rfd8 14. Bb2 Nf8 15. Na4 Bd4 16. Bxd4 exd4 17. Nb2 c5 18. Nd3 Rac8 19. a3 b6 20. Rab1 Ne4 21. Nf4 Nc3 22. Rbe1 Ne6 23. Nd5 Nxd5 24. Bxd5 Qf6 25. Qd3 h5 26. h4 Re8 27. b4 axb4 {Borisova,E (2283)-Gusarov,G (2354) Chess.com INT 2020 0-1 (44)}) 13... Rfd8 14. a3 Nb6 15. Rxd8+ Rxd8 16. b3 Qe6 17. Rb1 h5 18. b4 axb4 19. axb4 Bd4 20. c5 Qc4 21. cxb6 Qxc3 22. Qxc3 Bxc3 23. Bg5 Rd6 24. Bxf6 Rxf6 25. e3 g6 26. Kf1 Rd6 27. g4 f5 28. gxf5 gxf5 29. h4 e4 30. Bh3 Rd5 31. Rb3 Bf6 32. Ra3 Rb5 33. Ra5 Rxb6 34. Rxf5 Kg7 35. Rxh5 Rxb4 36. Bf5 Bc3 37. Rh7+ Kf6 38. Bc8 Rb1+ 39. Kg2 Rb2 40. Rxb7 Rc2 41. Rb1 c5 42. Bb7 Ke5 43. h5 c4 44. Rb5+ Ke6 45. Bxe4 Rd2 46. Rc5 1-0

[Event "RUS-chT rapid"]
[Site "Sochi"]
[Date "2016.10.06"]
[Round "6.2"]
[White "Ponkratov, Pavel"]
[Black "Rozum, Ivan"]
[Result "1-0"]
[WhiteElo "2589"]
[BlackElo "2590"]
[PlyCount "85"]
[EventDate "2016.10.05"]
[EventType "team-swiss (rapid)"]
[EventRounds "9"]
[EventCountry "RUS"]
[SourceTitle "EXT 2017"]
[Source "ChessBase"]
[SourceDate "2016.10.25"]
[SourceVersion "1"]
[SourceVersionDate "2016.10.25"]
[SourceQuality "1"]
[WhiteTeam "Malachite Sverdlovsk Region"]
[BlackTeam "Vologda Region"]
[WhiteTeamCountry "RUS"]
[BlackTeamCountry "RUS"]

1. g3 Nf6 2. Bg2 d5 3. Nf3 c6 4. O-O Bg4 5. h3 Bxf3 6. Bxf3 e5 7. Bg2 ({RR} 7. d3 Nbd7 8. e4 dxe4 9. dxe4 Nc5 10. Nd2 Be7 11. Qe2 O-O 12. Rd1 Qc8 13. h4 Rd8 14. Re1 Ne6 15. Nb3 a5 16. a4 b5 17. c3 Qb7 18. Qc2 bxa4 19. Rxa4 Qb5 20. Ra2 a4 21. Nd2 Nc5 {Karjakin,S (2770)-Kramnik,V (2760) Sochi 2014 1-0 (36)}) 7... Bc5 ({RR} 7... Nbd7 8. d3 Bc5 9. c4 dxc4 10. dxc4 O-O 11. Nc3 a5 12. Qc2 Qe7 13. Rd1 Rfd8 14. a3 Nb6 15. Rxd8+ Rxd8 16. b3 Qe6 17. Rb1 h5 18. b4 axb4 19. axb4 Bd4 20. c5 Qc4 21. cxb6 Qxc3 22. Qxc3 {Ponkratov,P (2589)-Romanov,E (2619) Sochi 2016 1-0 (46)}) 8. c4 $146 ({RR} 8. c3 Nbd7 9. d4 Bd6 10. dxe5 Nxe5 11. Nd2 O-O 12. Nf3 Re8 13. Nxe5 Bxe5 14. Qd3 Qb6 15. Rb1 Qa5 16. Ra1 Rad8 17. Be3 Ne4 18. Rfd1 f5 19. b4 Qa3 20. c4 Qxd3 21. exd3 Nc3 22. Re1 Ne2+ {Borisova,E (2283)-Kobalia,M (2614) Chess.com INT 2020 1-0 (34)}) ({RR} 8. d3 Na6 9. Nd2 Nc7 10. e4 Ne6 11. Re1 Qb6 12. Qe2 Nd4 13. Qd1 Nxc2 14. Qxc2 Bxf2+ 15. Kf1 Bxe1 16. Kxe1 Qg1+ 17. Bf1 Qxg3+ 18. Kd1 dxe4 19. Nxe4 Nxe4 20. dxe4 O-O-O+ 21. Bd2 Qf2 22. Bd3 Qg1+ {Frank,A (2383)-Kjaergaard Jensen,J (2081) chess.com INT 2024 0-1}) ({RR} 8. e3 O-O 9. d4 Bd6 10. dxe5 Bxe5 11. Nd2 Qe7 12. Nf3 Nbd7 13. Qe2 Rad8 14. c4 dxc4 15. Qxc4 Nc5 16. Rb1 Nce4 17. Qc2 Rd7 18. b4 Bc3 19. a3 Rfd8 20. Rb3 Be5 21. a4 h6 22. b5 c5 {Goganov,A (2565)-Lesovoi,E (2341) St Petersburg 2020 1-0 (39)}) 8... O-O 9. Qb3 Qd7 10. d3 h6 11. a3 Rd8 12. Qc2 Qe7 13. b4 Bd4 14. Nc3 a5 15. Rb1 axb4 16. axb4 Na6 17. Ba3 Nc7 18. Rb3 b5 19. cxd5 cxd5 20. e3 Bb6 21. Ne2 Ne6 22. Rc1 Rab8 23. Qd2 Rbc8 24. Rbb1 e4 25. Rxc8 Rxc8 26. dxe4 dxe4 27. h4 g5 28. Bb2 gxh4 29. Rc1 Rxc1+ 30. Qxc1 Ng5 31. Qc6 Bd8 32. gxh4 Nf3+ 33. Bxf3 exf3 34. Ng3 Qe6 35. Qxf3 Qd5 36. Qf4 Qd1+ 37. Kg2 Nd5 38. Qxh6 f6 39. e4 Qc2 40. Bd4 Qd1 41. Qg6+ Kh8 42. Qe8+ Kh7 43. exd5 1-0

[Event "Atlantic City Millionaire op"]
[Site "Atlantic City"]
[Date "2016.10.07"]
[Round "4"]
[White "Mamedov, Rauf"]
[Black "Holt, Conrad"]
[Result "1-0"]
[WhiteElo "2678"]
[BlackElo "2549"]
[PlyCount "61"]
[EventDate "2016.10.06"]
[EventType "swiss"]
[EventRounds "9"]
[EventCountry "USA"]
[SourceTitle "EXT 2017"]
[Source "ChessBase"]
[SourceDate "2016.10.25"]
[SourceVersion "1"]
[SourceVersionDate "2016.10.25"]
[SourceQuality "1"]

1. Nf3 d5 2. g3 Bg4 3. Bg2 Nd7 4. O-O e6 5. h3 Bh5 6. d3 ({RR} 6. d4 Ngf6 7. c4 c6 8. cxd5 exd5 9. Qb3 Nb6 10. Nc3 Be7 11. a4 a5 12. Ne5 Bg6 13. f4 Bf5 14. g4 Bc8 15. f5 O-O 16. Bf4 Ne8 17. e4 dxe4 18. Nxe4 Qxd4+ 19. Kh1 Nd5 20. Rad1 Qb4 {Eljanov,P (2680)-Caruana,F (2828) Chess.com INT 2019 1-0 (39)}) ({RR} 6. d4 Bd6 7. c4 c6 8. Nc3 dxc4 9. b3 Bb4 10. Qc2 Bg6 11. e4 cxb3 12. Qxb3 Bxc3 13. Qxc3 Bxe4 14. Ba3 Ngf6 15. Rfe1 Rc8 16. Qb3 c5 17. dxc5 Bc6 18. Nd4 Bxg2 19. Nxe6 fxe6 20. Qxe6+ {1-0 (20) Kozak,A (2523)-Holt,C (2553) Chess.com INT 2022}) 6... Bd6 ({RR} 6... Ngf6 7. c4 c6 8. cxd5 exd5 9. e4 dxe4 10. dxe4 Bxf3 11. Qxf3 Be7 12. Nc3 O-O 13. Bf4 Qa5 14. a3 Ne5 15. Qe2 Rad8 16. Qc2 Ng6 17. b4 Qa6 18. Be3 Ne5 19. Rfd1 Rxd1+ 20. Nxd1 Rd8 21. Qc3 {Lutze,M (2136)-Rosol,P (2150) Schwarzach AUT 2024 ½-½ (36)}) 7. e4 Ne7 8. Nc3 $146 ({RR} 8. Qe2 c5 9. g4 Bg6 10. e5 Bb8 11. c4 O-O 12. Bg5 f6 13. exf6 gxf6 14. Bh6 Re8 15. Nc3 Nc6 16. cxd5 exd5 17. Qd1 Nb6 18. d4 cxd4 19. Nxd4 Be5 20. Nce2 Qd6 21. b3 f5 22. Qd2 fxg4 {Kjartansson,G (2437)-Ragnarsson,D (2320) Hafnarfjordur 2017 ½-½ (61)}) ({RR} 8. Qe1 O-O 9. Nbd2 f6 10. Nd4 Nc5 11. b4 Be5 12. Bb2 dxe4 13. bxc5 Bxd4 14. Bxd4 Qxd4 15. Qxe4 Qxc5 16. Nb3 Qd6 17. Qxb7 a5 18. a4 Rab8 19. Qa7 Nc6 20. Qc5 Nb4 21. Qxh5 Nxc2 22. Rac1 Rxb3 {Moussard,J (2576)-Holt,C (2568) Chess.com INT 2017 1-0}) 8... O-O 9. exd5 Nxd5 10. Ne4 Be7 11. d4 c5 12. c4 N5f6 13. Nxf6+ Bxf6 14. d5 Ne5 15. g4 Nxf3+ 16. Qxf3 Bg6 17. Qb3 Bd4 18. Be3 Bxe3 19. Qxe3 exd5 20. Bxd5 h5 21. Rfe1 hxg4 22. hxg4 Qh4 23. Qf4 Bh5 24. Re4 Bg6 25. Re3 Rae8 26. Rae1 Rxe3 27. Rxe3 b6 28. Kg2 Bh5 29. Rg3 Re8 30. Qf5 Re1 31. Qxh5 1-0

[Event "CRO-chT1A 25th"]
[Site "Sibenik"]
[Date "2016.10.11"]
[Round "4.2"]
[White "Banusz, Tamas"]
[Black "Postny, Evgeny"]
[Result "1-0"]
[WhiteElo "2612"]
[BlackElo "2611"]
[PlyCount "139"]
[EventDate "2016.10.08"]
[EventType "team-tourn"]
[EventRounds "9"]
[EventCountry "CRO"]
[SourceTitle "EXT 2017"]
[Source "ChessBase"]
[SourceDate "2016.10.25"]
[SourceVersion "1"]
[SourceVersionDate "2016.10.25"]
[SourceQuality "1"]
[WhiteTeam "Slavonski Brod"]
[BlackTeam "Sesvete Sljeme"]
[WhiteTeamCountry "CRO"]
[BlackTeamCountry "CRO"]

1. Nf3 d5 2. g3 c6 3. Bg2 Bg4 4. O-O Nd7 5. h3 Bxf3 6. Bxf3 Ngf6 7. d3 e6 8. Nc3 Bb4 9. Bd2 d4 10. Ne4 Bxd2 11. Nxd2 O-O 12. c3 e5 13. Qa4 $146 ({RR} 13. Nb3 dxc3 14. bxc3 Re8 15. Bg2 e4 16. Qc2 exd3 17. exd3 Qc7 18. Rfe1 Rad8 19. d4 g6 20. Qb2 b6 21. Qa3 Kg7 22. Qa4 c5 23. Qc6 {½-½ (23) Turov,M (2618)-Postny,E (2581) Groningen 2017}) 13... a5 14. cxd4 Nb6 15. Qc2 Qxd4 16. Nb3 Qb4 17. a3 Qe7 18. Nc5 Ra7 19. Rfc1 Nbd7 20. Rab1 Nxc5 21. Qxc5 Qxc5 22. Rxc5 Nd7 23. Rc4 Nb6 24. Rc5 Nd7 25. Rc3 a4 26. Rc4 Rd8 27. Rbc1 Kf8 28. Rb4 Nb8 29. Re4 f6 30. Rh4 h6 31. Rg4 b5 32. Rc3 Rd6 33. Re4 Re7 34. g4 g6 35. b3 axb3 36. Rb4 Ra7 37. Rbxb3 Kf7 38. e3 Ra6 39. Rb4 Rb6 40. Rb1 Nd7 41. Rbc1 c5 42. Rb3 f5 43. Be2 Rb8 44. Rcb1 Rdb6 45. gxf5 gxf5 46. d4 cxd4 47. exd4 exd4 48. Rxb5 Kf6 49. a4 Rg8+ 50. Kf1 Rd6 51. Rd1 Ne5 52. f4 Ng6 53. Bd3 Ne7 54. a5 Rc8 55. Ra1 Ra8 56. Rc1 Nd5 57. Rcc5 Rad8 58. Kf2 Kg6 59. Kf3 Nc3 60. Rb6 Rxb6 61. axb6 Rb8 62. Rc6+ Kg7 63. Ba6 Nd5 64. b7 Nb4 65. Rc7+ Kf6 66. Bc4 h5 67. Ke2 h4 68. Kd2 Kg6 69. Kc1 Kh5 70. Kb2 1-0

[Event "CZE-chT 1617"]
[Site "Czech Republic"]
[Date "2016.12.10"]
[Round "3.2"]
[White "Piorun, Kacper"]
[Black "Dziuba, Marcin"]
[Result "1-0"]
[WhiteElo "2665"]
[BlackElo "2554"]
[PlyCount "65"]
[EventDate "2016.10.08"]
[EventType "team-tourn"]
[EventRounds "11"]
[EventCountry "CZE"]
[SourceTitle "CBM 177 Extra"]
[Source "ChessBase"]
[SourceDate "2017.04.27"]
[SourceVersion "1"]
[SourceVersionDate "2017.04.27"]
[SourceQuality "1"]
[WhiteTeam "Tatran Litovel"]
[BlackTeam "Ostrava Labortech"]
[WhiteTeamCountry "CZE"]
[BlackTeamCountry "CZE"]

1. Nf3 d5 2. c4 d4 3. e3 Nc6 4. exd4 Nxd4 5. Nxd4 Qxd4 6. Nc3 c6 7. d3 Nh6 8. h3 g6 9. Be3 Qd8 10. g4 f5 11. Be2 Bg7 12. d4 Nf7 13. Qd2 Qa5 14. O-O-O $146 ({RR} 14. Ne4 Qxd2+ 15. Nxd2 O-O 16. O-O-O Nd8 17. f3 Ne6 18. Nb3 fxg4 19. fxg4 Nf4 20. Bf1 b6 21. Re1 a5 22. Na1 Ra7 23. Nc2 Rd7 24. Rh2 e5 25. dxe5 Bxe5 26. Rd2 Rxd2 27. Bxd2 Bg7 28. Be3 c5 {Garcia Matos,R (2315)-Perez Leiva,J (2369) Holguin CUB 2024 ½-½ (62)}) ({RR} 14. Ne4 Qxd2+ 15. Nxd2 O-O 16. O-O-O Nd8 17. f3 Ne6 18. Nb3 fxg4 19. fxg4 Nf4 20. Bf1 b6 21. Re1 a5 22. Na1 Ra7 23. Nc2 Rd7 24. Rh2 e5 25. dxe5 Bxe5 26. Rd2 Rxd2 27. Bxd2 Bg7 28. Be3 c5 {Garcia Matos,R (2315)-Perez Leiva,J (2369) Holguin CUB 2024 ½-½ (62)}) 14... Be6 15. d5 Bxc3 16. Qxc3 Qxc3+ 17. bxc3 Bd7 18. Rhe1 cxd5 19. Bf3 fxg4 20. Bxd5 Bc6 21. Bc5 e5 22. Bxc6+ bxc6 23. hxg4 Rd8 24. Rd4 Rxd4 25. cxd4 Kd7 26. dxe5 Ke6 27. f4 h5 28. f5+ gxf5 29. gxf5+ Kxf5 30. Rf1+ Kg6 31. e6 Nh6 32. Bf8 Nf5 33. Rxf5 1-0

[Event "Atlantic City Millionaire playoff1"]
[Site "Atlantic City"]
[Date "2016.10.09"]
[Round "3.1"]
[White "Cordova, Emilio"]
[Black "Xiong, Jeffery"]
[Result "1-0"]
[WhiteElo "2637"]
[BlackElo "2647"]
[PlyCount "41"]
[EventDate "2016.10.09"]
[EventType "tourn (rapid)"]
[EventRounds "5"]
[EventCountry "USA"]
[EventCategory "16"]
[SourceTitle "EXT 2017"]
[Source "ChessBase"]
[SourceDate "2016.10.25"]
[SourceVersion "1"]
[SourceVersionDate "2016.10.25"]
[SourceQuality "1"]

1. Nf3 {ChessBase II} c5 2. g3 g6 3. Bg2 Bg7 4. O-O Nc6 5. c3 e5 6. d4 ({RR} 6. e4) 6... cxd4 7. cxd4 exd4 8. Na3 ({RR} 8. Nbd2 Nge7 9. Nb3 Nf5 10. g4 Nfe7 11. Nfxd4 d5 12. g5 O-O 13. Be3 Re8 14. Qd2 Ne5 15. Bf4 Nc4 16. Qd3 Nxb2 17. Qg3 Nf5 18. Nxf5 Bxf5 19. e3 Nd3 20. Rad1 Rc8 21. Rd2 Nxf4 22. Qxf4 Rc4 {Mendonca,L (2452)-Vachier Lagrave,M (2778) Chess.com INT 2020 0-1 (34)}) 8... d5 ({RR} 8... Nge7 9. Nb5 O-O 10. Nbxd4 d5 11. Bg5 ({RR} 11. b3) ({RR} 11. Bg5) 11... h6 12. Nxc6 bxc6 13. Bf4 Ba6 14. Be5 Nf5 15. Bxg7 Kxg7 16. Rc1 Qf6 17. Qc2 Rac8 18. Rfd1 Rfe8 19. e3 Nd6 20. b3 Ne4 21. a3 h5 22. h4 c5 23. Rxd5 {Srihari,L (2490)-Stankovic,I (2294) chess.com INT 2024 1-0 (31)}) 9. Nb5 Nf6 $146 ({RR} 9... Nge7 10. Bf4 O-O 11. Nfxd4 Nxd4 12. Nxd4 Nc6 13. Nxc6 bxc6 14. Rc1 Qb6 15. b3 Re8 16. Qc2 Bd7 17. Rfd1 h5 18. e3 a5 19. h4 Qb4 20. Qc5 Bf8 21. Qc2 Rec8 22. e4 d4 23. e5 Bg4 24. Rd2 {Mikhailov,V (2428)-Mirzoev,A (2432) Chess.com INT 2022 1-0 (73)}) ({RR} 9... Nge7 10. Nbxd4 O-O 11. Be3 Re8 12. Rc1 Nf5 13. Nxf5 ({RR} 13. Nxc6 bxc6 14. Bd4 Nxd4 15. Nxd4 Qb6) 13... Bxf5 14. Nd4 Nxd4 15. Bxd4 Bxd4 16. Qxd4 Rxe2 17. Rc5 Qb6 18. b4 Rd8 ({RR} 18... Rxa2) 19. a4 Rde8 20. h4 h5 21. Bxd5 Be6 22. Bf3 Ra2 23. Bxh5 gxh5 24. Re1 {Seret,J (2410)-Goldenberg,R (2280) Amiens 1976 EXT 2021 [ChessBase II] 1-0 (32)}) 10. Bf4 O-O 11. Rc1 Bg4 12. Nfxd4 Nxd4 13. Nxd4 Qb6 14. h3 Bd7 15. Nb3 Rac8 16. Be3 Qd8 17. Bd4 b6 18. Qd3 Bf5 19. Qa6 Qe7 20. e3 Be4 21. Rxc8 1-0

[Event "Chigorin Memorial blitz 24th"]
[Site "St Petersburg"]
[Date "2016.10.14"]
[Round "10"]
[White "Gajewski, Grzegorz"]
[Black "Stupak, Kirill"]
[Result "1-0"]
[WhiteElo "2621"]
[BlackElo "2564"]
[PlyCount "75"]
[EventDate "2016.10.14"]
[EventType "swiss (blitz)"]
[EventRounds "13"]
[EventCountry "RUS"]
[SourceTitle "EXT 2017"]
[Source "ChessBase"]
[SourceDate "2016.10.25"]
[SourceVersion "1"]
[SourceVersionDate "2016.10.25"]
[SourceQuality "1"]

1. Nf3 d5 2. g3 c5 3. Bg2 g6 4. O-O Bg7 5. d4 cxd4 6. Nxd4 e5 ({RR} 6... Nc6 7. Nb3 Nf6 8. Nc3 e6 9. e4 d4 10. Nb5 e5 11. f4 O-O 12. fxe5 Ng4 13. N5xd4 Qb6 14. c3 Ncxe5 15. h3 Nf6 16. Be3 Nc4 17. Bf2 Qc7 18. Qe2 Bd7 19. g4 Rfe8 20. Rae1 Nd5 21. Qf3 {Bacrot,E (2729)-Chuchelov,V (2562) Mainz 2005 1-0 (42)}) 7. Nb3 Ne7 8. c4 ({RR} 8. Nc3 d4 9. Nb1 Nbc6 10. e3 O-O 11. exd4 exd4 12. Re1 h6 13. Bf4 Nd5 14. Qd2 Nxf4 15. Qxf4 Bf5 16. Na3 Rb8 17. Rad1 Qf6 18. Bxc6 bxc6 19. Nxd4 Rxb2 20. Nxf5 Qxf5 21. Qc4 Qa5 22. Nb1 Qxa2 {Tavernier,L (2061)-Nava,R (2381) chess.com INT 2025 0-1}) 8... dxc4 $146 ({RR} 8... d4 9. e3 O-O 10. exd4 exd4 11. Re1 Nbc6 12. Na3 a5 13. Bf4 d3 14. Nb5 a4 15. Bc7 Qd7 16. Nc5 Qf5 17. Nxd3 a3 18. Be4 axb2 19. Rb1 Qg4 20. a3 Qxd1 21. Rexd1 Bf5 22. Bxf5 Nxf5 23. Nxb2 {Babujian,L (2465)-Volkov,S (2612) Al Ain 2015 ½-½ (70)}) ({RR} 8... d4 9. e3 Nbc6 10. exd4 exd4 11. Na3 O-O 12. Bf4 h6 13. c5 Be6 14. Bd6 Qd7 15. Nc2 Bc4 16. Re1 d3 17. Ne3 Ba6 18. Qd2 Rfe8 19. Be4 Ne5 20. f4 Nc4 21. Nxc4 Bxc4 22. Bxd3 Bxd3 23. Qxd3 {Aaryan,V (2295)-Stupak,K (2453) Visakhapatnam 2022 0-1 (47)}) ({RR} 8... d4 9. e3 Nbc6 10. exd4 exd4 11. Bf4 O-O 12. Na3 a6 13. Qd2 Bf5 14. Rfe1 Re8 15. Nc5 Qb6 16. Na4 Qd8 17. c5 Nc8 18. Nc4 Be6 19. Nab6 Nxb6 20. Nxb6 Ra7 21. Bd6 a5 22. Nd5 b5 23. cxb6 {Haznedaroglu,K (2496)-Bajarani,U (2480) Ordu 2017 1-0}) 9. Qxd8+ Kxd8 10. Na5 Nbc6 11. Nxc4 Be6 12. Nba3 Kc7 13. Nb5+ Kb8 14. b3 Bxc4 15. bxc4 Rd8 16. Ba3 a6 17. Nd6 f6 18. Nxb7 Kxb7 19. Bxe7 Rd7 20. Bc5 Kc7 21. Rab1 Rc8 22. Bb6+ Kd6 23. Rfd1+ Ke6 24. Bd5+ Ke7 25. Bc5+ Ke8 26. Rb6 Ne7 27. Bxe7 Kxe7 28. Rdb1 a5 29. R1b5 f5 30. Rxa5 e4 31. e3 Rdc7 32. Raa6 Bc3 33. Re6+ Kf8 34. Rab6 Ra7 35. h4 Rxa2 36. Rb7 Be1 37. Rxh7 Bxf2+ 38. Kf1 1-0

[Event "SWE-chT 1617"]
[Site "Sweden"]
[Date "2017.02.04"]
[Round "5.1"]
[White "Rozentalis, Eduardas"]
[Black "Smith, Axel"]
[Result "1-0"]
[WhiteElo "2576"]
[BlackElo "2506"]
[PlyCount "57"]
[EventDate "2016.10.14"]
[EventType "team-tourn"]
[EventRounds "9"]
[EventCountry "SWE"]
[SourceTitle "CBM 177 Extra"]
[Source "ChessBase"]
[SourceDate "2017.04.27"]
[SourceVersion "1"]
[SourceVersionDate "2017.04.27"]
[SourceQuality "1"]
[WhiteTeam "Manhem"]
[BlackTeam "Lunds"]
[WhiteTeamCountry "SWE"]
[BlackTeamCountry "SWE"]

1. e4 {Horn,Peter} c5 2. Nf3 g6 3. g3 Bg7 4. Bg2 Nc6 5. O-O e5 6. a3 Nge7 7. b4 cxb4 ({RR} 7... d5 8. exd5 ({RR} 8. d3) ({RR} 8. b5 dxe4 9. Ng5 Nd4 10. Nxe4) 8... e4 9. dxc6 Bxa1 10. cxb7 Bxb7 11. Ng5) ({RR} 7... d6 8. b5 ({RR} 8. c3) ({RR} 8. d3) 8... Nd4 9. Nxd4 exd4) 8. axb4 Nxb4 9. Ba3 Nbc6 $146 ({RR} 9... Nec6 10. c3 Na6 11. d4 ({RR} 11. Bd6 Qf6) ({RR} 11. d3 d6 12. Nbd2 O-O 13. Nc4 Nc5) 11... d6 12. Nbd2 O-O ({RR} 12... Nc7 13. Rb1 ({RR} 13. Nc4 Nb5 14. d5 Nxa3 ({RR} 14... Ne7 15. Qa4 Bd7 16. Bxd6) 15. Rxa3 Nb8 ({RR} 15... Ne7 16. Qa4+) 16. Qa4+ Ke7) ({RR} 13. d5 Nb8 ({RR} 13... Ne7 14. Nc4) 14. Nc4 Bf8 15. Qb3) 13... b5 14. dxe5 ({RR} 14. d5 Na5) 14... dxe5 15. Qe2 a5 16. Rfd1 Qf6 17. Nf1 Bf8 18. Bxf8 Kxf8 19. Ne3) ({RR} 12... b5 13. d5 Ne7 14. c4) 13. Nc4 exd4 ({RR} 13... b5 14. Nxd6 b4 15. cxb4 Qxd6 16. b5) 14. Nxd4 ({RR} 14. cxd4 b5 15. Nxd6 b4 16. Nxc8 bxa3) 14... Qd7 ({RR} 14... Nxd4 15. cxd4 Qc7 ({RR} 15... b5 16. Nxd6 b4 17. e5) 16. Rc1 Rd8 17. Nxd6) ({RR} 14... Nc5 15. Nxc6 bxc6 16. Nxd6 Qa5 ({RR} 16... Qb6 17. Rb1 Qa5 18. Nc4 Qxc3 19. Rc1 Qd4 20. Na5) 17. Bb4 Qb6 18. e5) ({RR} 14... Nab4 15. Bxb4 ({RR} 15. e5) 15... Bxd4 16. Bxd6 Bxc3 17. Rc1 Bg7 18. Bxf8 Qxf8 19. f4) ({RR} 14... Be6 15. Nxd6 Qd7 16. Nxc6 bxc6 ({RR} 16... Qxc6 17. e5 Qxc3 18. Bxb7) 17. Nf5 Qxd1 18. Rfxd1) 15. Bxd6 Re8 ({RR} 15... Rd8 16. e5 Nxd4 17. cxd4 Nc7 18. Qb3) 16. e5 Nxd4 ({RR} 16... Nc7 17. Nxc6 bxc6 18. Na5) 17. cxd4 Nc7 ({RR} 17... Qb5 18. Na5) 18. Qb3 Nb5 ({RR} 18... Rd8 19. Rfb1) 19. Rfd1 ({RR} 19. Nb6 Nxd4 20. Qc4) 19... Rd8 ({RR} 19... Nxd6 20. Nxd6 Rd8 21. Bd5) 20. Nb6 axb6 21. Rxa8 Nxd6 22. exd6 Qxd6 23. d5 Bf6 24. Bf1 {Kogan,A (2485)-Sher,M (2500) Copenhagen 1996 CBM 054 [Horn,Peter] 1-0 (40)}) 10. Bd6 ({RR} 10. Nc3) 10... b6 11. Nc3 Bb7 12. Nd5 O-O 13. Re1 f6 14. d4 exd4 15. Nxd4 Rf7 16. Nb5 Nc8 17. Bc7 Qf8 18. Bf4 Ne5 19. Ndc7 Rb8 20. Nxa7 Qd6 21. Nab5 Qxd1 22. Raxd1 Bc6 23. Bxe5 fxe5 24. Bf1 Re7 25. Bc4+ Kf8 26. Rd3 Bh6 27. Nd5 Bxd5 28. Bxd5 Ke8 29. Nc7+ 1-0